• 首页
  • 本馆介绍
  • 公告通知
  • 最新文献
  • 馆藏检索
  • 电子资源
  • 读者导购
  • 参考咨询
  • 我的图书馆
  • 登录
  • 详细信息显示
  • 放入我的书架
  • 预约/预借图书
  • 作者相关作品
  • 分类相关作品
  • 丛书相关作品
  • 出版社相关作品

书目信息

  • 表格格式
  • 工作单格式
  • 卡片格式
题名:
香豆素化学
    
 
作者: 孔令义 主编
分册:  
出版信息: 北京   化学工业出版社  2008
页数: 203页
开本: 26cm
丛书名: 天然产物化学丛书
单 册:
中图分类: O626.31
科图分类:
主题词: 香豆素
电子资源:
ISBN: 978-7-122-01967-7
000 00818oam2 2200253 45
001 1033021375
005 20100409104327.89
010    @a978-7-122-01967-7@dCNY42.00
100    @a20100331d2008 em y0chiy50 ea
101 0  @achi
102    @aCN@b110000
105    @ay z 001yy
106    @ar
200 1  @a香豆素化学@AXiang Dou Su Hua Xue@f孔令义主编@FKong Ling Yi Zhu Bian
210    @a北京@c化学工业出版社@d2008
215    @a203页@d26cm
225 2  @a天然产物化学丛书
330    @a主要内容包括香豆素类化合物在自然界中分布、结构分类及特征、提取分离、结构鉴定、结构修饰与全合成、生物合成和生物活性等。
461  0 @12001 @a天然产物化学丛书
606 0  @a香豆素
690    @aO626.31@v4
701  0 @a孔令义@AKong Ling Yi@f(1964.3~)@4主编
801  0 @aCN@bTANGWEI@c20100409
905    @b0587590-94@dO626.31@e6@f5
    
    香豆素化学/孔令义主编.-北京:化学工业出版社,2008
    203页;26cm.-(天然产物化学丛书)
    
    
    ISBN 978-7-122-01967-7:CNY42.00
    主要内容包括香豆素类化合物在自然界中分布、结构分类及特征、提取分离、结构鉴定、结构修饰与全合成、生物合成和生物活性等。
●
相关链接 在E读中查询图书 在五车中查询图书 在当当中查询图书 在豆瓣中查询图书


正题名:香豆素化学     索取号:O626.31/6         预约/预借

序号 登录号 条形码 馆藏地/架位号 状态 备注
1 0587590   205875908   第二样本阅览室/ [索取号:O626.31/6] 在馆    
2 0587591   205875917   第三借阅区/ [索取号:O626.31/6] 在馆    
3 0587592   205875926   第三借阅区/ [索取号:O626.31/6] 在馆    
4 0587593   205875935   第三借阅区/ [索取号:O626.31/6] 在馆    
5 0587594   205875944   第三借阅区/ [索取号:O626.31/6] 在馆    
唐山师范学院图书馆 欢迎您!
大连网信软件有限公司© 版权所有